[Event "C.to Provinciale TO"]
[Site "Torino ITA"]
[Date "2016.02.23"]
[Round "5"]
[White "Liviabella, Lucio"]
[Black "Plenzick, Angelo"]
[WhiteElo "1581"]
[BlackElo "1703"]
[Result "1-0"]
[PlyCount "111"]
[EventDate "2016.01.26"]

1. e4 c6 2. Bc4 d5 3. exd5 cxd5 4. Bb3 Nf6 5. Nf3 Bg4 6. h3 Bxf3 7. Qxf3 e6 8.
d3 Nbd7 9. Ba4 a6 10. Bxd7+ Qxd7 11. O-O Be7 12. c3 O-O 13. Nd2 Rac8 14. d4 Ne8
15. Qg4 Nd6 16. Nf3 Bf6 17. Ne5 Qb5 18. a4 Qb6 19. Nd7 Qd8 20. Nxf8 Qxf8 21. h4
Rc4 22. Bg5 Qe7 23. Bxf6 Qxf6 24. Rfe1 b6 25. Re3 Ne4 26. Rf3 Qe7 27. Qf4 Qe8
28. a5 b5 29. Rd3 Qd8 30. f3 Nc5 31. Re3 Nb7 32. Re5 Nc5 33. Qg3 Nb7 34. Rg5 g6
35. h5 Nd6 36. hxg6 hxg6 37. Qg4 Nf5 38. Kf2 Qf6 39. Rh1 Kf8 40. f4 Ke7 41. Qf3
Nd6 42. Re5 Ra4 43. Rhe1 Rxa5 44. Rxd5 Kd7 45. Rg5 Ra2 46. Re2 Kc7 47. Rc5+ Kb8
48. Qc6 Qxf4+ 49. Qf3 Qh4+ 50. g3 Qh2+ 51. Ke3 Qg1+ 52. Kf4 Rxb2 53. Rxb2 Qc1+
54. Ke5 Qxb2 55. Kxd6 Qh2 56. Rc7 1-0

[Event "C.to Provinciale TO"]
[Site "Torino ITA"]
[Date "2016.02.23"]
[Round "5"]
[White "Manni, Stefano"]
[Black "Longo, Enrico"]
[WhiteElo "2018"]
[BlackElo "1756"]
[Result "1-0"]
[PlyCount "45"]
[EventDate "2016.01.26"]

1. d4 d6 2. e4 Nf6 3. Nc3 g6 4. Be3 c6 5. a4 Nbd7 6. h3 Bg7 7. Nf3 O-O 8. Be2
b6 9. O-O Bb7 10. e5 Ne8 11. e6 fxe6 12. Ng5 Nc7 13. Bg4 Kh8 14. Bxe6 Qe8 15.
Qg4 Nf6 16. Qh4 d5 17. Bf4 Nxe6 18. Nxe6 Qf7 19. Nxf8 Rxf8 20. Rfe1 c5 21. Be5
cxd4 22. Bxd4 Bc6 23. Qf4 1-0

[Event "C.to Provinciale TO"]
[Site "Torino ITA"]
[Date "2016.02.23"]
[Round "5"]
[White "Parisi, Gianmario"]
[Black "Fassio, Francesco"]
[WhiteElo "1783"]
[BlackElo "1557"]
[Result "0-1"]
[PlyCount "122"]
[EventDate "2016.01.26"]

1. e4 e5 2. Nf3 Nf6 3. d4 Nxe4 4. Bd3 d5 5. Nxe5 Be7 6. O-O O-O 7. c4 Nf6 8. c5
c6 9. Bf4 Nbd7 10. Nc3 Nxe5 11. Bxe5 Ng4 12. Bg3 Bf6 13. h3 Nh6 14. Qc2 g6 15.
Rad1 Re8 16. Bf4 Nf5 17. Bxf5 Bxf5 18. Qd2 g5 19. Bd6 h6 20. Rfe1 Qd7 21. Be5
Be7 22. Re2 f6 23. Bh2 Bf8 24. Rde1 Rxe2 25. Qxe2 Bg6 26. Qe6+ Qxe6 27. Rxe6
Kf7 28. Re3 h5 29. g4 Kg7 30. f3 Re8 31. Kf2 Bf7 32. b4 Kg6 33. b5 Bg7 34. bxc6
bxc6 35. Rxe8 Bxe8 36. Bb8 a6 37. a4 Bd7 38. Ke3 f5 39. gxf5+ Kxf5 40. Na2 Bh6
41. Ke2 Kf6 42. Nb4 Bxh3 43. Nxc6 Bd7 44. Nb4 Bxa4 45. Nxa6 Bb5+ 46. Kf2 Bxa6
47. Be5+ Kf5 48. Kg3 Bb5 49. Kf2 Kg6 50. Bd6 Bg7 51. Ke3 Kf5 52. Bc7 h4 53. Bd6
h3 54. Bc7 g4 55. fxg4+ Kxg4 56. Bd6 Bh6+ 57. Kf2 Bf4 58. Be7 Bg3+ 59. Kg1 Kf3
60. Bf6 h2+ 61. Kh1 Bf1 0-1

[Event "C.to Provinciale TO"]
[Site "Torino ITA"]
[Date "2016.02.23"]
[Round "5"]
[White "Saponaro, Elisa"]
[Black "De Vito, Gianmarco"]
[WhiteElo "1609"]
[BlackElo "1580"]
[Result "0-1"]
[PlyCount "70"]
[EventDate "2016.01.26"]

1. d4 d5 2. c4 c6 3. Nc3 Bf5 4. Nf3 Nf6 5. e3 e6 6. Be2 Bd6 7. O-O O-O 8. Nh4
Bg6 9. Nxg6 fxg6 10. Bd2 Nbd7 11. Rc1 a6 12. a4 Qb8 13. h3 c5 14. dxc5 Bxc5 15.
Bd3 d4 16. exd4 Bxd4 17. b4 Ne5 18. Be2 Qc8 19. Bf4 Bxc3 20. Rxc3 Ne4 21. Bxe5
Nxc3 22. Bxc3 Rd8 23. Qa1 Qc7 24. a5 Rf8 25. Re1 Rae8 26. Be5 Qe7 27. c5 Rf5
28. Bd6 Qf7 29. Bg3 h5 30. h4 g5 31. Bc4 gxh4 32. Bxh4 Rf4 33. Qa2 Rxh4 34.
Bxe6 Rxe6 35. Rxe6 Re4 0-1

[Event "C.to Provinciale TO"]
[Site "Torino ITA"]
[Date "2016.03.01"]
[Round "6"]
[White "D'India, Bruno"]
[Black "Parisi, Gianmario"]
[WhiteElo "1758"]
[BlackElo "1783"]
[Result "0-1"]
[PlyCount "34"]
[EventDate "2016.01.26"]

1. d4 e6 2. e3 Nf6 3. Bd3 d5 4. Nd2 c5 5. c3 Nc6 6. f4 Bd6 7. Qf3 O-O 8. Nh3
cxd4 9. exd4 Qc7 10. g4 e5 11. fxe5 Bxg4 12. Qg2 Bxe5 13. dxe5 Qxe5+ 14. Kf2
Rae8 15. Nf3 Ne4+ 16. Kf1 Qf5 17. Bf4 Bxh3 0-1

[Event "C.to Provinciale TO"]
[Site "Torino ITA"]
[Date "2016.03.01"]
[Round "6"]
[White "De Vito, Gianmarco"]
[Black "Gussone, Claudio"]
[WhiteElo "1580"]
[BlackElo "1752"]
[Result "1-0"]
[PlyCount "71"]
[EventDate "2016.01.26"]

1. e4 d5 2. exd5 Qxd5 3. Nc3 Qa5 4. d4 Nf6 5. Bd2 c6 6. Nf3 Bg4 7. Be2 e6 8.
O-O Nbd7 9. a3 Qc7 10. b4 a6 11. Re1 Bd6 12. h3 Bh5 13. Ne5 Bxe2 14. Qxe2 O-O
15. Nxd7 Qxd7 16. Ne4 Nxe4 17. Qxe4 Rad8 18. c3 Rde8 19. Qd3 Bc7 20. a4 e5 21.
Be3 Re7 22. d5 Qxd5 23. Qxd5 cxd5 24. Bc5 Rfe8 25. Bxe7 Rxe7 26. Rad1 Rd7 27.
a5 f5 28. Rd2 Kf7 29. Red1 Ke6 30. g3 g6 31. Kg2 Bd8 32. f4 exf4 33. c4 d4 34.
Rxd4 Rxd4 35. Rxd4 fxg3 36. Rxd8 1-0

[Event "C.to Provinciale TO"]
[Site "Torino ITA"]
[Date "2016.03.01"]
[Round "6"]
[White "Fassio, Francesco"]
[Black "Eandi, Arnaldo"]
[WhiteElo "1557"]
[BlackElo "1676"]
[Result "0-1"]
[PlyCount "90"]
[EventDate "2016.01.26"]

1. Nf3 Nf6 2. c4 g6 3. Nc3 Bg7 4. g3 d6 5. d4 Nbd7 6. Bg2 O-O 7. O-O e5 8. Bg5
h6 9. Bxf6 Bxf6 10. e3 c6 11. Rc1 Bg7 12. Ne4 Qe7 13. dxe5 dxe5 14. Qb3 Nc5 15.
Nxc5 Qxc5 16. Nd2 f5 17. Qc2 Kh7 18. a3 a5 19. Rfd1 Be6 20. Nb3 Qe7 21. c5 a4
22. Nd2 Rfd8 23. Bf1 Rd5 24. Bg2 e4 25. f3 Ra5 26. fxe4 Rdxc5 27. Qb1 Qg5 28.
Kf2 Qf6 29. Rxc5 Rxc5 30. b3 axb3 31. exf5 Qxf5+ 32. Qxf5 Rxf5+ 33. Ke2 Ra5 34.
Nb1 Bg4+ 35. Bf3 Bxf3+ 36. Kxf3 Rf5+ 37. Ke2 c5 38. g4 Rg5 39. Kf3 c4 40. Kg3
c3 41. Nxc3 Bxc3 42. Rd7+ Bg7 43. Rxb7 b2 44. e4 Ra5 45. Rb3 Rxa3 0-1

[Event "C.to Provinciale TO"]
[Site "Torino ITA"]
[Date "2016.03.01"]
[Round "6"]
[White "Femia, Nicola"]
[Black "Finocchiaro, Gianluca"]
[WhiteElo "1835"]
[BlackElo "2023"]
[Result "0-1"]
[PlyCount "52"]
[EventDate "2016.01.26"]

1. d4 Nf6 2. c4 c5 3. d5 b5 4. Qc2 d6 5. e4 bxc4 6. Bxc4 g6 7. Nc3 Bg7 8. Nge2
O-O 9. O-O Ba6 10. Qd3 Bxc4 11. Qxc4 Nbd7 12. Bf4 Nh5 13. Bg3 Nxg3 14. Nxg3 Ne5
15. Qe2 c4 16. Rfd1 Nd3 17. Rxd3 cxd3 18. Qxd3 Qb6 19. Na4 Qd4 20. Qxd4 Bxd4
21. Ne2 Bg7 22. Nac3 Rab8 23. b3 Rfc8 24. e5 Bxe5 25. Ne4 Rc2 26. f4 Bd4+ 0-1

[Event "C.to Provinciale TO"]
[Site "Torino ITA"]
[Date "2016.03.01"]
[Round "6"]
[White "Leoni, Alessandro"]
[Black "Tondo, Stefano"]
[WhiteElo "1937"]
[BlackElo "1663"]
[Result "1-0"]
[PlyCount "63"]
[EventDate "2016.01.26"]

1. e4 e6 2. d4 d5 3. Nc3 Nf6 4. Bd3 c5 5. exd5 Nxd5 6. Nf3 Nc6 7. O-O cxd4 8.
Nb5 Bc5 9. Bc4 O-O 10. Nfxd4 Qh4 11. g3 Qf6 12. Nb3 Bd6 13. Nxd6 Rd8 14. Ne4
Qe5 15. Qf3 Nd4 16. Nxd4 Qxd4 17. Bd3 b6 18. Rd1 Qe5 19. c4 Nb4 20. Bf4 Qxb2
21. Rab1 Rxd3 22. Rxb2 Rxf3 23. Rxb4 e5 24. Bxe5 Bg4 25. c5 f5 26. Rd7 Rd8 27.
Rxg7+ Kf8 28. cxb6 fxe4 29. Rxg4 e3 30. fxe3 Rd2 31. bxa7 Rxa2 32. Rgf4+ 1-0

[Event "C.to Provinciale TO"]
[Site "Torino ITA"]
[Date "2016.03.01"]
[Round "6"]
[White "Longo, Enrico"]
[Black "Liviabella, Lucio"]
[WhiteElo "1756"]
[BlackElo "1581"]
[Result "1-0"]
[PlyCount "99"]
[EventDate "2016.01.26"]

1. c4 c5 2. Nc3 Nc6 3. g3 b6 4. Bg2 Bb7 5. Nf3 Nf6 6. O-O e6 7. d3 Be7 8. Re1
O-O 9. e4 d6 10. Bd2 h6 11. Kh1 Nb4 12. Bf1 Ng4 13. Be3 Nxe3 14. fxe3 f5 15. a3
fxe4 16. dxe4 Nc2 17. Qxc2 Rxf3 18. Bg2 Rf7 19. Rf1 Bf6 20. Rad1 Be5 21. Ne2
Qe7 22. Rxf7 Qxf7 23. Rf1 Qg6 24. Nf4 Bxf4 25. exf4 d5 26. f5 exf5 27. exf5 Qd6
28. Qe2 Bc6 29. Qe6+ Qxe6 30. fxe6 Rf8 31. Rxf8+ Kxf8 32. cxd5 Bb5 33. Kg1 Ke7
34. Bf1 Be8 35. Kf2 Kd6 36. Bg2 a5 37. Ke3 Ke5 38. h4 c4 39. g4 b5 40. h5 b4
41. axb4 axb4 42. Be4 b3 43. Kd2 Kf6 44. Kc3 Bb5 45. Kb4 Ba6 46. Bf5 Ke7 47.
Kc5 c3 48. bxc3 b2 49. d6+ Kd8 50. e7+ 1-0

[Event "C.to Provinciale TO"]
[Site "Torino ITA"]
[Date "2016.03.01"]
[Round "6"]
[White "Malano, Francesco"]
[Black "Di Chiara, Mauro"]
[WhiteElo "1878"]
[BlackElo "1936"]
[Result "1-0"]
[PlyCount "137"]
[EventDate "2016.01.26"]

1. d4 Nf6 2. Nc3 g6 3. e4 d6 4. Bg5 Bg7 5. Qd2 O-O 6. O-O-O c6 7. Kb1 b5 8. Bd3
Qa5 9. h4 h5 10. Nd5 Qd8 11. Nxf6+ Bxf6 12. Bxf6 exf6 13. Nh3 Kg7 14. Nf4 Nd7
15. Rdg1 Nb6 16. f3 Nc4 17. Qc1 d5 18. exd5 f5 19. b3 Rb8 20. Ka1 Qf6 21. c3
Na5 22. Qe3 cxd5 23. Rc1 Be6 24. Qe5 Qxe5 25. dxe5 Nc6 26. Rhe1 Rfc8 27. Kb2 a5
28. Rcd1 b4 29. c4 d4 30. Nd5 Rd8 31. Nc7 Rb7 32. Nb5 Rbd7 33. f4 Nb8 34. Rd2
Na6 35. Red1 Nc5 36. Nd6 a4 37. Bc2 axb3 38. axb3 Ra8 39. Ra1 Rxa1 40. Kxa1 d3
41. Bd1 Kf8 42. Kb2 f6 43. Bf3 fxe5 44. fxe5 Ra7 45. Nb5 Ra5 46. g3 Bd7 47. Nd4
Ra3 48. Bd5 Ke7 49. Rd1 Ra6 50. Ra1 Rxa1 51. Kxa1 d2 52. Bf3 Ne4 53. Kb2 Nxg3
54. Kc2 f4 55. Kxd2 Nf5 56. Nxf5+ Bxf5 57. Bd5 Kd7 58. Ke2 Bc2 59. c5 Ke7 60.
Kf3 Kf8 61. Kxf4 Ke7 62. Kg5 Kd7 63. Kf6 Bf5 64. e6+ Kc7 65. e7 Bd7 66. Bf7 Kc6
67. e8=Q Bxe8 68. Bxe8+ Kxc5 69. Bxg6 1-0

[Event "C.to Provinciale TO"]
[Site "Torino ITA"]
[Date "2016.03.01"]
[Round "6"]
[White "Plenzick, Angelo"]
[Black "Saponaro, Elisa"]
[WhiteElo "1703"]
[BlackElo "1609"]
[Result "1-0"]
[PlyCount "81"]
[EventDate "2016.01.26"]

1. f4 d5 2. Nf3 Nf6 3. e3 c5 4. b3 Nc6 5. Bb5 g6 6. Bb2 Bg7 7. O-O O-O 8. Bxc6
bxc6 9. Qe1 Rb8 10. d3 Qc7 11. Nbd2 Re8 12. Ne5 Nh5 13. d4 c4 14. Bc1 cxb3 15.
Nxb3 Nf6 16. Bd2 Ne4 17. Nd3 f6 18. Ndc5 Nxc5 19. Nxc5 e5 20. Ba5 Qd6 21. fxe5
fxe5 22. Qg3 Rb5 23. Bc3 Bf5 24. a4 Rbb8 25. Rf2 Qe7 26. Raf1 Kh8 27. Kh1 Rb6
28. Ba5 Rb2 29. c3 Rxf2 30. Qxf2 Rf8 31. Qe1 h6 32. Bb4 Re8 33. Qg3 Kh7 34. Ne4
Qd8 35. Nd6 Re6 36. Nxf5 gxf5 37. Rxf5 Rg6 38. Qf2 Qb6 39. a5 Qc7 40. Rf7 Qb8
41. Qf5 1-0

[Event "C.to Provinciale TO"]
[Site "Torino ITA"]
[Date "2016.03.08"]
[Round "7"]
[White "Di Chiara, Mauro"]
[Black "De Vito, Gianmarco"]
[WhiteElo "1936"]
[BlackElo "1580"]
[Result "1-0"]
[PlyCount "65"]
[EventDate "2016.01.26"]

1. e4 e5 2. Nf3 Nc6 3. Bb5 a6 4. Ba4 b5 5. Bb3 Bc5 6. O-O Nf6 7. c3 Nxe4 8. d4
exd4 9. cxd4 Be7 10. Re1 Nf6 11. a4 bxa4 12. Rxa4 O-O 13. d5 Nb4 14. Nc3 Bb7
15. Qd4 c5 16. Qe5 Re8 17. d6 Bxd6 18. Qxd6 Bxf3 19. Rxe8+ Qxe8 20. gxf3 Qe1+
21. Kg2 Qxc1 22. Qxc5 Nd3 23. Bxf7+ Kxf7 24. Qc4+ Kf8 25. Qxd3 Qxb2 26. Qd6+
Kf7 27. Nd5 Qb7 28. Qe7+ Kg6 29. Nxf6 gxf6 30. Rg4+ Kf5 31. Rf4+ Kg6 32. Qxf6+
Kh5 33. Rh4# 1-0

[Event "C.to Provinciale TO"]
[Site "Torino ITA"]
[Date "2016.03.08"]
[Round "7"]
[White "Eandi, Arnaldo"]
[Black "Femia, Nicola"]
[WhiteElo "1676"]
[BlackElo "1835"]
[Result "1/2-1/2"]
[PlyCount "135"]
[EventDate "2016.01.26"]

1. e4 c5 2. d3 Nc6 3. g3 e5 4. Bg2 Nf6 5. Nd2 Be7 6. Ngf3 d6 7. O-O O-O 8. Re1
Bg4 9. h3 Bh5 10. Nf1 h6 11. Ne3 Nd4 12. g4 Bg6 13. Nh2 Rb8 14. f4 exf4 15. Nf5
Bxf5 16. gxf5 Qb6 17. c3 Nc6 18. Qe2 Ne5 19. Kh1 Rfe8 20. Bxf4 Rbd8 21. Rad1
Nfd7 22. d4 cxd4 23. cxd4 Nc6 24. Be3 Qa5 25. Qg4 Nf6 26. Qg3 Kh7 27. Ng4 Nh5
28. Qf2 Nf6 29. Bd2 Qb6 30. Nxh6 gxh6 31. Qh4 Ng8 32. f6 Bxf6 33. Qh5 Bg7 34.
e5 Re6 35. Be4+ Rg6 36. Rg1 Nce7 37. Rxg6 fxg6 38. Bc3 dxe5 39. dxe5 Rxd1+ 40.
Qxd1 Qe3 41. Qg4 b6 42. h4 Qf2 43. h5 Qf7 44. e6 Qe8 45. Qf3 Qf8 46. hxg6+ Nxg6
47. Qd3 N8e7 48. Bb4 Qf6 49. Bxe7 Qxe6 50. Ba3 h5 51. Be7 Kh6 52. Bxg6 Qxg6 53.
Qd2+ Kh7 54. Bd6 Qe4+ 55. Kh2 Be5+ 56. Bxe5 Qxe5+ 57. Kh3 Qf5+ 58. Kh2 Kg6 59.
Qd6+ Qf6 60. Qg3+ Kf7 61. Qc7+ Qe7 62. Qf4+ Kg6 63. Qg3+ Kh6 64. Qf4+ Qg5 65.
Qd6+ Qg6 66. Qf4+ Kh7 67. Qc7+ Qg7 68. Qc2+ 1/2-1/2

[Event "C.to Provinciale TO"]
[Site "Torino ITA"]
[Date "2016.03.08"]
[Round "7"]
[White "Finocchiaro, Gianluca"]
[Black "Manni, Stefano"]
[WhiteElo "2023"]
[BlackElo "2018"]
[Result "1-0"]
[PlyCount "43"]
[EventDate "2016.01.26"]

1. d4 d5 2. Nc3 c6 3. Nf3 Bf5 4. Bg5 h6 5. Bh4 Nd7 6. e3 Ngf6 7. Bd3 Bxd3 8.
cxd3 e6 9. e4 Qb6 10. Qe2 g5 11. Bg3 g4 12. Ne5 Qxd4 13. Nxd7 Nxd7 14. exd5
cxd5 15. O-O a6 16. Kh1 Bg7 17. f3 gxf3 18. Qxf3 O-O 19. Bd6 Ne5 20. Qg3 Rfe8
21. Rae1 Nxd3 22. Rd1 1-0

[Event "C.to Provinciale TO"]
[Site "Torino ITA"]
[Date "2016.03.08"]
[Round "7"]
[White "Gussone, Claudio"]
[Black "Saponaro, Elisa"]
[WhiteElo "1752"]
[BlackElo "1609"]
[Result "1-0"]
[PlyCount "37"]
[EventDate "2016.01.26"]

1. d4 d5 2. Nf3 Nf6 3. g3 e6 4. Bg2 Bd6 5. c4 c6 6. cxd5 cxd5 7. O-O O-O 8. Nc3
Nbd7 9. Nb5 Be7 10. Bf4 Nh5 11. Bc7 Qe8 12. Nd6 Bxd6 13. Bxd6 b6 14. Rc1 Bb7
15. Rc7 Ba6 16. Qc2 Rc8 17. Rc1 Nhf6 18. e3 Ne4 19. Bxf8 1-0

[Event "C.to Provinciale TO"]
[Site "Torino ITA"]
[Date "2016.03.08"]
[Round "7"]
[White "Leoni, Alessandro"]
[Black "Malano, Francesco"]
[WhiteElo "1937"]
[BlackElo "1878"]
[Result "1/2-1/2"]
[PlyCount "93"]
[EventDate "2016.01.26"]

1. e4 d6 2. d4 Nf6 3. Nc3 c6 4. f4 Qa5 5. Bd3 e5 6. dxe5 dxe5 7. Nf3 Bg4 8. h3
Bxf3 9. Qxf3 Nbd7 10. Be3 Bc5 11. O-O exf4 12. Qxf4 Bxe3+ 13. Qxe3 O-O 14. Rf5
Qb6 15. Qxb6 Nxb6 16. e5 Nfd5 17. Ne4 Rae8 18. Nd6 Re7 19. Re1 Nc8 20. Nc4 g6
21. Rff1 Rfe8 22. c3 f6 23. exf6 Rxe1 24. f7+ Kg7 25. f8=Q+ Rxf8 26. Rxe1 Rf7
27. Re8 Rf8 28. Rxf8 Kxf8 29. Na5 Nd6 30. Nc4 Ke7 31. Nxd6 Kxd6 32. Kf2 Nf4 33.
Bc2 Ke5 34. Kf3 a5 35. g3 Nd5 36. Bb3 h6 37. Bc2 g5 38. Bb3 Nf6 39. Bc2 b5 40.
a4 Kd5 41. Ke3 Kc5 42. Bb3 b4 43. cxb4+ Kxb4 44. Bc2 Kc4 45. Bd1 c5 46. Bc2 Kd5
47. Bb3+ 1/2-1/2

[Event "C.to Provinciale TO"]
[Site "Torino ITA"]
[Date "2016.03.08"]
[Round "7"]
[White "Liviabella, Lucio"]
[Black "D'India, Bruno"]
[WhiteElo "1581"]
[BlackElo "1758"]
[Result "0-1"]
[PlyCount "170"]
[EventDate "2016.01.26"]

1. e4 e5 2. Bc4 Bc5 3. Qe2 Nf6 4. Bxf7+ Kxf7 5. Qc4+ d5 6. Qxc5 Nxe4 7. Qe3 Nf6
8. Ne2 Nc6 9. O-O Re8 10. c3 d4 11. Qd3 e4 12. Qc4+ Be6 13. Qb5 d3 14. Nf4 Qd6
15. Nxe6 Rxe6 16. Na3 Re5 17. Qb3+ Re6 18. Nc4 Qf4 19. g3 Qg4 20. Kg2 Qf3+ 21.
Kg1 h5 22. Qxb7 Rae8 23. Qxc7+ R8e7 24. Qf4 Qxf4 25. gxf4 Nd5 26. f5 Rf6 27.
Ne3 Rd7 28. c4 Nde7 29. f3 exf3 30. Rxf3 Nd4 31. Rf2 Ndxf5 32. b3 Nxe3 33. Bb2
Rxf2 34. Kxf2 Nc2 35. Rg1 g6 36. Rg3 Nf5 37. Rf3 Ke6 38. Rf4 Rf7 39. Re4+ Kd6
40. Be5+ Kc5 41. Rf4 Re7 42. Re4 Nd6 43. Bd4+ Nxd4 44. Rxe7 a5 45. Re5+ Kb4 46.
Ke3 Nxb3 47. axb3 Kxb3 48. Kxd3 a4 49. c5 Nb5 50. c6 Nd6 51. c7 a3 52. Rb5+ Ka4
53. Rb1 a2 54. Ra1 Ka3 55. Kc3 Nb5+ 56. Kc4 Nxc7 57. d4 Kb2 58. Rg1 a1=Q 59.
Rxa1 Kxa1 60. Kc5 g5 61. Kc6 Ne8 62. Kd7 Ng7 63. d5 g4 64. Ke7 h4 65. Kf7 Nf5
66. Ke6 Nd6 67. Kxd6 g3 68. hxg3 hxg3 69. Kc6 g2 70. d6 g1=Q 71. d7 Qc1+ 72.
Kd6 Qd2+ 73. Ke7 Qg5+ 74. Ke8 Qe5+ 75. Kd8 Kb2 76. Kc8 Qc5+ 77. Kd8 Kc3 78. Ke8
Qe5+ 79. Kd8 Kd4 80. Kc8 Qc5+ 81. Kd8 Qd6 82. Ke8 Qe6+ 83. Kd8 Kd5 84. Kc7 Qc6+
85. Kd8 Ke6 0-1

[Event "C.to Provinciale TO"]
[Site "Torino ITA"]
[Date "2016.03.08"]
[Round "7"]
[White "Plenzick, Angelo"]
[Black "Longo, Enrico"]
[WhiteElo "1703"]
[BlackElo "1756"]
[Result "1-0"]
[PlyCount "103"]
[EventDate "2016.01.26"]

1. f4 g6 2. Nf3 Nf6 3. e3 d5 4. d4 Bg7 5. Bd3 b6 6. O-O O-O 7. c3 a5 8. a4 Ba6
9. Ne5 Nfd7 10. Qe2 Bxd3 11. Qxd3 f6 12. Ng4 c6 13. Nd2 f5 14. Nf2 Nf6 15. Qe2
Nbd7 16. b3 Rf7 17. Ba3 Qc7 18. Rfc1 Qb7 19. Rc2 Rd8 20. Rac1 Nb8 21. Nd3 Nfd7
22. Nf3 h6 23. Qe1 Bf6 24. Qg3 Rg7 25. Qh3 h5 26. Nde5 Bxe5 27. dxe5 Nc5 28.
Bxc5 bxc5 29. Ng5 Qd7 30. Rb1 Na6 31. Rcb2 e6 32. Qg3 Re8 33. Qe1 Qd8 34. Qe2
Qc8 35. Nf3 Rd7 36. g3 Qa8 37. h4 Qa7 38. Kg2 Kg7 39. Ng5 Qa8 40. Kh3 Qc8 41.
Rd1 Nc7 42. Rdb1 Red8 43. b4 d4 44. exd4 cxd4 45. cxd4 axb4 46. Rxb4 Rxd4 47.
Rxd4 Rxd4 48. Qa2 Nd5 49. Qb3 c5 50. Qb7+ Qxb7 51. Rxb7+ Kg8 52. Rb8+ 1-0

[Event "C.to Provinciale TO"]
[Site "Torino ITA"]
[Date "2016.03.08"]
[Round "7"]
[White "Tondo, Stefano"]
[Black "Fassio, Francesco"]
[WhiteElo "1663"]
[BlackElo "1557"]
[Result "1-0"]
[PlyCount "95"]
[EventDate "2016.01.26"]

1. d4 d5 2. Nc3 Nf6 3. Bg5 Nbd7 4. Nf3 e6 5. e4 dxe4 6. Nxe4 Be7 7. Ng3 c6 8.
Bd3 O-O 9. Qd2 b6 10. O-O-O Bb7 11. h4 Ng4 12. Qe2 h6 13. Kb1 hxg5 14. hxg5
Bxg5 15. Bh7+ Kh8 16. Nxg5 Nh6 17. f4 Nf6 18. Bd3 Qc7 19. Nh5 Nxh5 20. Rxh5 Qe7
21. f5 Bc8 22. Qe4 f6 23. fxe6 f5 24. Nf7+ Kg8 25. Rxh6 gxh6 26. Qxf5 Rxf7 27.
exf7+ Qxf7 28. Qxf7+ Kxf7 29. Rf1+ Kg7 30. Bc4 Bg4 31. Kc1 Rf8 32. Rxf8 Kxf8
33. Kd2 Ke7 34. Ke3 Kd6 35. Kf4 Bd1 36. c3 a5 37. g4 Bc2 38. b3 b5 39. Bf7 a4
40. g5 hxg5+ 41. Kxg5 axb3 42. axb3 Bd3 43. Kf6 c5 44. dxc5+ Kxc5 45. Ke5 Be2
46. Bd5 Bc4 47. Bxc4 bxc4 48. b4+ 1-0

[Event "C.to Provinciale TO"]
[Site "Torino ITA"]
[Date "2016.03.08"]
[Round "7"]
[White "Zenere, Gabriele"]
[Black "Parisi, Gianmario"]
[WhiteElo "1806"]
[BlackElo "1783"]
[Result "1-0"]
[PlyCount "41"]
[EventDate "2016.01.26"]

1. d4 Nf6 2. c4 e6 3. Nf3 b6 4. a3 Bb7 5. Nc3 Be7 6. Qc2 O-O 7. e4 d5 8. e5
Nfd7 9. Bd3 g6 10. Bh6 Re8 11. cxd5 exd5 12. h4 c5 13. h5 cxd4 14. hxg6 fxg6
15. Bxg6 Bf6 16. O-O-O Nxe5 17. Bxh7+ Kh8 18. Nxd4 Nbd7 19. f4 Ng4 20. Qg6 Bxd4
21. Bg8 1-0

[Event "C.to Torinese Open"]
[Site "Torino ITA"]
[Date "2016.01.25"]
[Round "2"]
[White "Tripodi, Enzo"]
[Black "Di Chiara, Mauro"]
[WhiteElo "1722"]
[BlackElo "1936"]
[Result "0-1"]
[PlyCount "74"]
[EventDate "2016.01.18"]

1. e4 c5 2. Nf3 Nc6 3. d4 cxd4 4. Nxd4 g6 5. Nc3 Bg7 6. Be3 d6 7. f4 Nf6 8. Be2
O-O 9. O-O Bd7 10. f5 Ne5 11. Kh1 Rc8 12. fxg6 hxg6 13. Bg5 Rxc3 14. Bxf6 Rc8
15. Bxg7 Kxg7 16. Nf3 Nc6 17. Bc4 Bg4 18. Qe1 Bxf3 19. gxf3 Ne5 20. Bb3 Rh8 21.
Qg3 Qd7 22. Kg2 Rh5 23. Rad1 Rch8 24. Kg1 f6 25. f4 Rh3 26. Qg2 Rxh2 27. Qxh2
Rxh2 28. Kxh2 Ng4+ 29. Kg3 Ne3 30. Kf2 Nxd1+ 31. Rxd1 Qg4 32. Rd4 Qxf4+ 33. Ke2
g5 34. Bd5 g4 35. Rd3 b6 36. c4 Qh2+ 37. Kf1 g3 0-1

[Event "C.to Torinese Open"]
[Site "Torino ITA"]
[Date "2016.02.01"]
[Round "3"]
[White "Giacchino, Claudio"]
[Black "Tripodi, Enzo"]
[WhiteElo "1590"]
[BlackElo "1722"]
[Result "0-1"]
[PlyCount "156"]
[EventDate "2016.01.18"]

1. e4 e5 2. Nf3 Nc6 3. Bc4 Bc5 4. d3 d6 5. O-O Bg4 6. h3 Bh5 7. Bg5 Qd7 8. c3
Nge7 9. b4 Bb6 10. a4 a6 11. Nbd2 h6 12. Be3 O-O 13. Bxb6 cxb6 14. Qb3 Rad8 15.
d4 exd4 16. cxd4 d5 17. exd5 Nxd5 18. Bxd5 Qxd5 19. Qxd5 Rxd5 20. g4 Bg6 21.
Nc4 Nxd4 22. Nfe5 Bh7 23. f4 Ne2+ 24. Kh2 b5 25. Nb6 Rd4 26. axb5 Rxb4 27. Ned7
Rd8 28. bxa6 bxa6 29. Rxa6 Nxf4 30. Rd1 Re8 31. Ra8 Rxa8 32. Nxa8 Rb3 33. Ne5
Rxh3+ 34. Kg1 g5 35. Nc7 Nd3 36. Nd7 Rh1+ 37. Kxh1 Nf2+ 38. Kh2 Nxd1 39. Nf6+
Kg7 40. Nxh7 Kxh7 41. Kg3 Kg6 42. Nd5 Nb2 43. Ne7+ Kh7 44. Kf3 Nd3 45. Kg3 Ne5
46. Nf5 f6 47. Ne7 Nf7 48. Nf5 Kg6 49. Ne7+ Kg7 50. Nd5 Nd6 51. Kf3 Kf7 52. Ke3
Ke6 53. Nc7+ Ke5 54. Kf3 f5 55. Na6 f4 56. Nc5 Kd5 57. Nd3 Nf7 58. Nb4+ Ke6 59.
Kg2 Ne5 60. Kh3 Kd6 61. Nc2 Kc5 62. Na3 Kd4 63. Nb5+ Ke3 64. Nc3 f3 65. Kg3
Nxg4 66. Nd5+ Kd4 67. Ne7 Ne5 68. Kf2 h5 69. Nf5+ Kd3 70. Nd6 h4 71. Nf5 Ke4
72. Nd6+ Kf4 73. Nb5 g4 74. Nc3 g3+ 75. Kg1 h3 76. Nd5+ Kg5 77. Ne3 Ng4 78. Nf1
f2+ 0-1

[Event "C.to Torinese Open"]
[Site "Torino ITA"]
[Date "2016.02.08"]
[Round "4"]
[White "Ratti, Marco"]
[Black "Zuccaro, Marco"]
[WhiteElo "1880"]
[BlackElo "1836"]
[Result "0-1"]
[PlyCount "127"]
[EventDate "2016.01.18"]

1. d4 Nf6 2. c4 e6 3. Nf3 b6 4. g3 Ba6 5. Qc2 c5 6. Bg2 Nc6 7. dxc5 Bxc5 8. a3
Bb7 9. O-O O-O 10. Nc3 Qe7 11. Rd1 Ng4 12. e3 f6 13. Ne4 Nce5 14. b4 Bxe4 15.
Qxe4 Bd6 16. Nxe5 Bxe5 17. Ra2 f5 18. Qb7 Rfd8 19. Rad2 Nf6 20. f4 Bc3 21. Rc2
Bxb4 22. axb4 Qxb4 23. Bd2 Qa4 24. Rdc1 Rab8 25. Qc7 Rbc8 26. Qd6 Rc5 27. e4
fxe4 28. Be3 Rc6 29. Qd4 d5 30. c5 Qxd4 31. Bxd4 Rdc8 32. Bf1 bxc5 33. Rxc5
Rxc5 34. Rxc5 Rb8 35. Rb5 Ra8 36. Bh3 Kf7 37. Rb7+ Kg6 38. Bxe6 a5 39. f5+ Kh6
40. Bxf6 gxf6 41. Bxd5 Re8 42. Be6 Ra8 43. Rb3 Kg5 44. h3 h5 45. Kf2 h4 46.
gxh4+ Kf4 47. Ra3 Ra7 48. Ra4 Rc7 49. Ra2 Rc5 50. h5 Rc3 51. Kg2 Rg3+ 52. Kh2
Rg5 53. Rxa5 Rxh5 54. Bf7 Rh7 55. Bg6 Rd7 56. Ra2 Rd3 57. Rg2 Rc3 58. h4 e3 59.
h5 Kf3 60. h6 Rc4 61. Rg3+ Kf2 62. Rg2+ Kf1 63. Kh3 Rc3 64. Kh2 $138 0-1

[Event "C.to Torinese Open"]
[Site "Torino ITA"]
[Date "2016.02.15"]
[Round "5"]
[White "Zuccaro, Marco"]
[Black "Vozza, Nicola"]
[WhiteElo "1836"]
[BlackElo "1886"]
[Result "0-1"]
[PlyCount "92"]
[EventDate "2016.01.18"]

1. c4 f5 2. d4 Nf6 3. Nc3 e6 4. e3 Bb4 5. Bd3 b6 6. Nf3 Bb7 7. O-O Bxc3 8. bxc3
O-O 9. Ba3 d6 10. Rb1 Ne4 11. Qc2 Nd7 12. h3 Kh8 13. Nd2 Qh4 14. f4 Ndf6 15.
Nf3 Qg3 16. c5 Nd5 17. Rfe1 Ndxc3 18. Rbc1 dxc5 19. dxc5 Rf6 20. Ne5 bxc5 21.
Qb2 Bd5 22. Bf1 Kg8 23. Bxc5 Rh6 24. Nf3 Nxc5 25. Rxc3 Bxf3 26. Qf2 Qxf2+ 27.
Kxf2 Ne4+ 28. Kxf3 Nxc3 29. Rc1 Nd5 30. Rc6 Rb8 31. Ra6 Rb7 32. Ra4 Kf8 33. Ba6
Rb6 34. Bc8 Rb8 35. Bd7 Ke7 36. Bc6 Kd6 37. Rc4 Rf6 38. Ba4 Rb6 39. g4 fxg4+
40. hxg4 Rf8 41. Bc2 g6 42. Ra4 a6 43. Bd3 e5 44. f5 gxf5 45. gxf5 Nc3 46. Rh4
e4+ 0-1